神戸製鋼80年

Gorde:
Xehetasun bibliografikoak
Erakunde egilea: 神戸製鋼所
Formatua: Liburua
Hizkuntza:Undetermined
Argitaratua: 神戸 神戸製鋼所 1986
Gaiak:
Etiketak: Etiketa erantsi
Etiketarik gabe, Izan zaitez lehena erregistro honi etiketa jartzen!
Thư viện lưu trữ: Trung tâm Học liệu Trường Đại học Cần Thơ
LEADER 00468nam a2200181Ia 4500
001 CTU_95586
008 210402s9999 xx 000 0 und d
082 |a 338.4 
082 |b K75 
110 |a 神戸製鋼所 
245 0 |a 神戸製鋼80年 
245 0 |c 神戸製鋼所 
260 |a 神戸 
260 |b 神戸製鋼所 
260 |c 1986 
650 |a Steel Industry And Trade 
904 |i Ngoc,Hải 
980 |a Trung tâm Học liệu Trường Đại học Cần Thơ